000 00322 a2200145 4500
001 154746
040 _cEscola São Tomás de Aquino
100 _aDIMENSTEIN, Gilberto
240 1 0 _aAprendiz do futuro
_lpor
245 1 0 _aAprendiz do futuro
362 0 _a1999
440 1 _aÁtica
697 _aHISTÓRIA
942 _cBK
999 _c154746
_d154746